000 00571nam a2200205Ia 4500
005 20250508163536.0
008 008 250505s9999 xx 000 0 eng d
037 _aTextual
040 _aFEDL
_beng
_cFEDL
041 _aeng
_2eng
084 _a370.954, BHA
_qFEDL
100 _aBhattacharya Siba P
_9102618
245 0 _aIndian education policy study
260 _aDelhi, India
_bAjanta Publications
_c1995
300 _a150p
650 _aEducation
700 _a Kayal Luna
_9775596
942 _cTEXL
_h370.954, BHA
999 _c1383974
_d1383974